| 000 | 00523nam a2200181Ia 4500 | ||
|---|---|---|---|
| 005 | 20250326123649.0 | ||
| 008 | 250326s9999 xx 000 0 und d | ||
| 037 | _aTextbook | ||
| 040 |
_aFMSL _beng _cFMSL |
||
| 041 |
_aeng _2eng |
||
| 084 |
_aX9(U8) P1 _qFMSL |
||
| 100 |
_aPage S _9735753 |
||
| 245 | 0 |
_aTourism: modern synthesis _cPage S; Brunt P And Others |
|
| 260 |
_aUnited Kingdom _bUnited Kingdom, Thomson Learning _c2001 |
||
| 300 | _a475p | ||
| 942 |
_cTB _hX9(U8) P1 |
||
| 999 |
_c1270398 _d1270398 |
||